| 000 | 00521nam a2200181Ia 4500 | ||
|---|---|---|---|
| 001 | 23960 | ||
| 005 | 20260414151012.0 | ||
| 008 | 260414t2010||||xx |||||||||||||| ||spa|| | ||
| 041 | _aESP | ||
| 082 |
_a726.524 _bN94 |
||
| 100 |
_aNúñez Atencio, Lautaro _eAUT |
||
| 245 | 0 |
_aRescate del patrimonio material más antiguo de la región : _bde las iglesias precordilleranas a los templos urbanos |
|
| 260 | _c2010 | ||
| 300 |
_a131 páginas : _c23 cm. |
||
| 650 | _aABD | ||
| 654 | _aCAU | ||
| 942 |
_cLIB _dJUS _fJUS _2ddc _n |
||
| 999 |
_c23960 _d23960 |
||